|
|
|
|
| LEADER |
01761cas a2200241 a 4500 |
| 001 |
AALejournalIMF008448 |
| 008 |
230101c9999 xx r poo 0 0eng d |
| 020 |
|
|
|c 5.00 USD
|
| 020 |
|
|
|z 9781451807202
|
| 022 |
|
|
|a 1934-7685
|
| 040 |
|
|
|a BD-DhAAL
|c BD-DhAAL
|
| 110 |
2 |
|
|a International Monetary Fund.
|
| 245 |
1 |
0 |
|a Switzerland :
|b 2003 Article IV Consultation-Staff Report; Public Information Notice on the Executive Board Discussion; and Statement by the Executive Director for Switzerland.
|
| 264 |
|
1 |
|a Washington, D.C. :
|b International Monetary Fund,
|c 2003.
|
| 300 |
|
|
|a 1 online resource (37 pages)
|
| 490 |
1 |
|
|a IMF Staff Country Reports
|
| 500 |
|
|
|a <strong>Off-Campus Access:</strong> No User ID or Password Required
|
| 500 |
|
|
|a <strong>On-Campus Access:</strong> No User ID or Password Required
|
| 506 |
|
|
|a Electronic access restricted to authorized BRAC University faculty, staff and students
|
| 520 |
3 |
|
|a This 2003 Article IV Consultation highlights that following a solid expansion in 1997-2000, economic growth in Switzerland is currently stalled as exports have been hurt by the global slowdown and domestic investment has undergone a sharp downward correction from earlier high levels. The important financial sector has been hit particularly hard, in part because of the steep declines in equity prices both in Switzerland and abroad. Unemployment has doubled, although it remains low by international standards. Inflation is negligible, and the external current account is running a large surplus.
|
| 538 |
|
|
|a Mode of access: Internet
|
| 830 |
|
0 |
|a IMF Staff Country Reports; Country Report ;
|v No. 2003/148
|
| 856 |
4 |
0 |
|z Full text available on IMF
|u http://elibrary.imf.org/view/journals/002/2003/148/002.2003.issue-148-en.xml
|z IMF e-Library
|